MDQL
is popping MORE tags! Check the
thread
!
Quizzes
Events
Quiz Creation
Community
Videos
Private Events
Remove Ads
Sign In
Join for FREE
Feedback
Dark Mode
Quiz Categories
Sports
Geography
Music
Movies
Television
Just For Fun
Miscellaneous
History
Literature
Language
Science
Gaming
Entertainment
Religion
Holiday
For Kids
Quiz Lab
Recent
Popular Today
Quiz Kudos Today
Editor Picks
Curator Picks
Quizzes by...
Day
Popularity
Type
Ratings
Length
Year
Community
Subscriptions
Recent Discussions
Orange Saloon
Badges
Playlists
Quests
Create
Leaderboards
Showdown
Live 5
Trivia Bingo
Activity
Puzzle Library
Sporcle Events
Private Events
Virtual Trivia
Globe League
Become a Host
Pub Owners
SporcleCon
Opinionation
Our Games
Videos
Blog
Mobile Apps
Partnerships
Remove Ads and Go Orange
Feedback
Miscellaneous
Crossword
General Knowledge
Baby Names
Logo
Food
Cars
Numbers
Grab Bag
University
College
Popular
Company
Slogans
Restaurants
Justice
Letter
Miscellaneous
Crossword
General Knowledge
Baby Names
Logo
Food
Cars
Numbers
Grab Bag
University
College
Popular
Company
Slogans
Restaurants
Justice
Letter
Random Quiz
Search Sporcle
×
Quiz Lab
Quiz Lab
Miscellaneous
Missing Word
Type in answers that appear in a list
Type in answers that appear in a list
Classic
Best Score? Go Orange.
Missing Word - Back to the Future Stats
Can you name the Missing Word - Back to the Future?
By
strbks21
4m
15 Questions
276 Plays
276 Plays
276 Plays
Comments
Comments
Give Quiz Kudos
Give Quiz Kudos
-
- Ratings
hide this ad
Forced Order
Answers have to be entered in order
Answers have to be entered in order
Replay
Link that replays current quiz
Next Quiz
Link to next quiz in quiz playlist
You Got
0%
They Got
Avg Score
84%
Avg Friend Score
Upgrade to see
Score Distribution
Jump to the score distribution portion of the page
Score
0/15
Timer
04:00
0
Plays Today
What is the blank word?
Answer
% Correct
Roads....where we're _
_
_
_
_
_
_
_
_
we dont need roads
Going
98.9%
'Well, that is your name, isn't it? _
_
_
_
_
_
_
_
_
_
_
_
_
_
_
_
? It's written all over your underwear.'
Calvin Klein
94.6%
'If my calculations are correct, when this baby hits _
_
_
miles per hour... you're gonna see some serious s*#@. '
88
93.5%
'Chuck! Chuck, it's Marvin. Your _
_
_
_
_
_
_
_
_
_
_
, Marvin Berry. You know that new sound you're looking for? Well, listen to this! '
Cousin
88.4%
'There's that word again. '_
_
_
_
_
_
_
_
_
.' Why are things so _
_
_
_
_
_
_
_
in the future?'
Heavy
88%
'You were standing on your toilet and you were hanging a clock, and you fell and you hit your head on the sink. And that's when you came up with the idea for the _
_
_
_
_
_
_
_
_
_
_
_
_
_
_
_
_
Flux Capacitor
86.6%
'Doc, you don't just walk into a store and buy _
_
_
_
_
_
_
_
_
_
_
....did you rip that off? '
Plutonium
86.2%
'Yes. Yes. I'm George, George McFly. I'm your _
_
_
_
_
_
_
_
_
'
Density
84.8%
What is the blank word?
Answer
% Correct
'You want a _
_
_
_
_
_
_
_
_
, pal, you're gonna pay for it. '
Pepsi
83.3%
'No wonder this circuit failed. It says 'Made in _
_
_
_
_
_
_
_
'.'
Japan
82.6%
'Last night, Darth Vader came down from Planet _
_
_
_
_
_
_
_
and told me that if I didn't take Lorraine out, that he'd melt my brain. '
Vulcan
81.5%
'No McFly ever amounted to anything in the history of _
_
_
_
_
_
_
_
_
_
_
_
_
_
_
_
_
_
_
_
'
Hill Valley
79.7%
'It requires a nuclear reaction to generate the _
_
_
_
_
_
_
_
_
_
_
_
_
_
_
_
_
_
of electricity I need'
1.21 gigawatts
78.3%
Are you telling me this _
_
_
_
_
_
_
_
_
is nuclear?
Sucker
72.8%
'Ronald Reagan? The actor? Who's Vice President? _
_
_
_
_
_
_
_
_
_
_
_
_
_
_
_
?'
Jerry Lewis
67%
Quiz Playlist
Details
Report
Send in Message
Add To Playlist
Classic:
Type in answers that appear in a list
Forced Order:
Answers have to be entered in order
Last Updated: Feb 16, 2017
Quiz Scoreboard
CHALLENGE
Sign Up to Join the Scoreboard
Show All
Scores
Hide
Comments
May contain spoilers
Recently Published
Holiday 10x10 Sorting Gallery
by lukepisani3
Holiday
15m
Two Season TV Shows II
by 123Four
Television
10m
Image Sorting: Flags VI
by Barbecue
Geography
2m
More to Explore
Quiz From the Vault
Featured Blog Post
14 Easter Pick-up Lines to Find Eggs With
hide this ad
You Might Also Like...
Tags
Missing Word Quiz
blank
future
Today's Top Quizzes in Miscellaneous
Browse Miscellaneous
hide this ad
Today's Top Quizzes in Missing Word
Browse Missing Word
Top Contributed Quizzes in Miscellaneous
1
The JOE quick-fire general knowledge quiz: Day 174
2
9x9 Crossword: Disney Movie Titles
3
The JOE quick-fire general knowledge quiz: Day 173
4
5-to-1: Fast Food
5
9x9 Crossword: Charlie and the Chocolate Factory
6
9x9 Crossword: The Simpsons
7
9x9 Crossword: Flags
8
9x9 Crossword: Actors
9
9x9 Crossword: 2022 Movies
10
9x9 Crossword: Pixar Movie Titles
Explore More
Trending Topics
NBA
Marvel
Crossword
Anime
Kpop
Harry Potter
Disney
WWE
Puzzle
Country
NFL
Soccer
Pokémon
Song
The Office
hide this ad
More By:
strbks21
Quiz
Plays
Rating
Category
Featured
Created
Bar Trivia 2
352
Just For Fun
Mar 19, 2013
Bar night trivia
294
1.00
Miscellaneous
Jan 31, 2013
Missing Word - Back to the Future
276
5.00
Miscellaneous
Feb 1, 2013
SNL Movie Spin Offs
98
Entertainment
Mar 19, 2013
Missing word in the Theme song/Ad jingles
33
Television
Feb 17, 2013
Go to Creator's Profile
Score Distribution
Quiz Creator Spotlight
strbks21
Follow
Send a Message
Quizzes Created
-
Created Quiz Play Count
-
More By This Creator
Popular Quizzes Today
1
Find the US States - No Outlines Minefield
2
Colored Red Africa Blitz
3
Find the 'City' Movie
4
The Countries of the World
5
5x2 Blitz: Bands
6
Find the US States
7
Find the Countries of Europe - No Outlines Minefield
8
US States
More Miscellaneous Quizzes
Fruitcake Ingredients Crossword
Curator's Pick
Trending Quizzes
Colored Red Europe Blitz I
Colored Red Europe Blitz II
Colored Red Africa Blitz II
Colored Red Europe Blitz III
Colored Red Africa Blitz III
Recently Updated
Odd Team Out - Big 4 Players
pecheneg
Quick Pick: 20 Twenties
pecheneg
March Madness Men's Triple Doubles
pecheneg
How Do You Spell That?
pecheneg
Godzilla Movies
pecheneg
Grab Bag: 4-10 Letters
pecheneg
2024 March Madness Bracket
pecheneg
Famous TV Couples
Peacemaker
Champions League XIs: Real Madrid
pecheneg
Largest US Cities 1790-2010
pecheneg
Trending Topics
Crossword
Kpop
Disney
Anime
Harry Potter
Marvel
NBA
Song
The Office
Soccer
Pokémon
NFL
WWE
Puzzle
Country
Your Account Isn't Verified!
In order to create a playlist on Sporcle, you need to verify the email address you used during registration. Go to your
Sporcle Settings
to finish the process.
Report this User
Report this user for behavior that violates our
Community Guidelines
.
Details:
Send Report
Go to the Sporcle.com Mobile Site →
Comments